| 000 | 00773nam a2200253 i 4500 | ||
|---|---|---|---|
| 001 | 14989 | ||
| 003 | ES-MaACL | ||
| 005 | 20230906150946.0 | ||
| 007 | t| | ||
| 008 | 991124s1999 sp ||||1| spa d | ||
| 020 | _a84-87482-41-4 | ||
| 080 | _a929 Molina, Delfina | ||
| 080 | _a929 Unamuno, Miguel de | ||
| 100 | 1 |
_aPinillos, María de las Nieves. _992145 |
|
| 245 | 1 | 0 |
_aDelfina _b: la enamorada de Unamuno / _cMª de las Nieves Pinillos Iglesias. |
| 260 |
_aMadrid : _bEdiciones del Laberinto, _c[1999] |
||
| 300 |
_a311 p. : _bil. ; _c21 cm. |
||
| 490 | 1 |
_aHermes ; _v4 |
|
| 600 | 1 | 4 |
_aMolina, Delfina. _981885 |
| 600 | 1 | 4 |
_aUnamuno, Miguel de, _d1864-1936 _9111982 |
| 830 | 1 |
_aHermes ; _v4 _9183718 |
|
| 852 |
_aES-MaACL _jL-22204 |
||
| 999 |
_c14989 _d14989 |
||